Musical Locations Quiz Stats

 Plays Quiz Updated Apr 8, 2021

Support Sporcle.
Go Orange.
Score 0/13 Timer 05:00
17 Plays Today
% Correct
Chicago
90.8%
La La Land
90.4%
South Pacific
70.8%
Avenue Q
68.1%
In the Heights
52.1%
Urinetown
46.7%
Sunset Boulevard
37.6%
Sunday in the Park with George
36.8%
An American in Paris
36.6%
Escape to Margaritaville
34.8%
Memphis
31.1%
Narnia
27.5%
Once on This Island
25.8%

You're not logged in!

Compare scores with friends on all Sporcle quizzes.
OR
Log In

From the Vault

Countries Visited by Queen Elizabeth II

by jacana

You would log a lot of airline miles too, if you were queen for 60 years.
Remove Ads.
Support Sporcle.
Get the best of Sporcle when you Go Orange. This ad-free experience offers more features, more stats, and more fun while also helping to support Sporcle. Thank you for becoming a member.

Show Comments

Extras

Top Quizzes Today


Score Distribution

Your Account Isn't Verified!

In order to create a playlist on Sporcle, you need to verify the email address you used during registration. Go to your Sporcle Settings to finish the process.

Report this User

Report this user for behavior that violates our Community Guidelines.

Details: